000 01573cam a2200457Ma 4500
001 75653
005 20230410105312.0
008 070219s2006 fr ad b 000 0 fre d
035 _a(OCoLC)ocn300516966
040 _aRUQBL
_bfre
_cRUQBL
_dFRBML
_dBDF
_dRBA
020 _a2707148601
020 _a9782707148605
029 1 _aZWZ
_b108883221
035 _a(OCoLC)300516966
050 1 4 _aH 61
_bR425
082 1 4 _a332.6
_22a
100 1 _aLardic, Sandrine.
245 1 2 _aL'efficience informationnelle des marchés financiers /
_cSandrine Lardic, Valérie Mignon.
260 _aParis :
_bLa Découverte,
_cc2006.
300 _a122 p. :
_bill., formules, graph. ;
_c18 cm.
490 1 _aCollection Reperes;
_vn.461
504 _aComprend des réf. bibliogr.: (p. [110]-119).
650 6 _aMarché efficient, Hypotháese du.
650 6 _aMarché financier
_xModáeles économétriques.
650 6 _aVolatilité (Finances)
650 6 _aActions (Titres de société)
_xCours.
653 _aEfficience
_aInformationnel
_aInformation
_aMarche
_aFinancier
650 4 _aMarché financier.
650 4 _aInformation, Théorie de l', en économie politique.
650 4 _aéconomie de marché.
650 7 _aMarché efficient, Hypotháese du.
_2ram
650 7 _aVolatilité (finances)
_2ram
650 7 _aBulles spéculatives.
_2ram
700 1 _aMignon, Valérie.
730 0 _aCollection Reperes
830 0 _aReperes / économie
830 0 _aCollection Repáeres.
_péconomie ;
_v461.
942 _2lcc
_cbk
946 _amjcruz
994 _aC0
_bDRFGD
999 _c33967
_d33967